000 01265cam a22001814a 4500
005 20250605164403.0
008 250528s ||||||||||||||||||||||||d
035 _a24673
040 _aGR-AtMCL
_bgre
_dGR-AtMCL
_eAACR2
245 1 _aΠρόεδρος Ε.Β.Ε.Α.: Να Προχωρήσουν Τάχιστα οι Εμβολιασμοί για μια Θετική Τουριστική Περίοδο
260 _bΕμπορικό Και Βιομηχανικό Επιμελητήριο Αθηνών,
_c2021
300 _a62
520 _aΗ 'Μαυρη Αγορά' των Ναυτιλιακών Ναύλων Απειλει το Παγκόσμιο Εμπόριο, Μνημόνιο Συνεργασίας για Πλατφόρμα Συμψηφισμού Χρεών, Κρίσιμο Πεντάμηνο για την Ελληνική Οικονομία, Κοινοτικές Πηγές: Δεν Απειλεί την Εστίαση η Μετάλλαξη Δέλτα, Επενδύσεις στα Βαλκάνια από Ελληνικούς Ενεργειακούς Ομίλους, Ξεκίνησε ο Β' Κύκλος για το e-λιανικό.
700 1 _aΜίχαλος Κωνσταντίνος
_94319
942 _cCR
999 _c9540
_d9540